000 00339nam a2200169Ia 4500
100 _aRoss/Sheldon M
650 _aProbability
490 _v10
942 _cBK
366 _f25
245 _aProbability Models
260 _bElsevier
_c2010
082 _a519.2
_bROS
300 _a784
546 _aENGLISH
_cproduction
999 _c30739
_d30739